000 00304nam a22001337a 4500
008 170922b xxu||||| |||| 00| 0 eng d
020 _a0807732176
041 _aeng
080 _a37
100 _a46
101 _aEDU
245 _aA POST-MODERN PERSPECTIVE ON CURRICULUM
_cDOLL, W.E
942 _2udc
_cBK
999 _c29076
_d29076